000 00749nam a22002177a 4500
008 090130t xxu||||| |||| 00| 0 eng d
010 _aENG-92703
020 _c150.00
_a9788190790802
035 _aEN-76236
037 _bDBAD / PUB
040 _adpl
_bEnglish
082 _a620.11
100 _aJothi, L.
245 _aMaterials science /
_cby L.Jothi
260 _aTamil Nadu
_bJaya Publications
_c2008
270 _aNamakkal
_bTamil Nadu
_e637207
300 _a195p.
_c20cm (pbk)
650 _aMaterials.
942 _2ddc
_cEN
_mJOT
_h620.11
999 _c22667
_d22667